Teaching of intellectual property : (Record no. 466)

MARC details
000 -LEADER
fixed length control field 01399cam a22003734a 4500
001 - CONTROL NUMBER
control field 15369202
003 - CONTROL NUMBER IDENTIFIER
control field OSt
005 - DATE AND TIME OF LATEST TRANSACTION
control field 20110421095403.0
008 - FIXED-LENGTH DATA ELEMENTS--GENERAL INFORMATION
fixed length control field 080716s2008 enka b 001 0 eng
010 ## - LIBRARY OF CONGRESS CONTROL NUMBER
LC control number 2008275103
015 ## - NATIONAL BIBLIOGRAPHY NUMBER
National bibliography number GBA862677
Source bnb
016 7# - NATIONAL BIBLIOGRAPHIC AGENCY CONTROL NUMBER
Record control number 014585576
Source Uk
020 ## - INTERNATIONAL STANDARD BOOK NUMBER
International Standard Book Number 9780521716468 (pbk.)
020 ## - INTERNATIONAL STANDARD BOOK NUMBER
International Standard Book Number 0521716462 (pbk.)
035 ## - SYSTEM CONTROL NUMBER
System control number (OCoLC)ocn174449859
040 ## - CATALOGING SOURCE
Original cataloging agency UKM
Transcribing agency UKM
Modifying agency YDXCP
-- BAKER
-- BTCTA
-- BWK
-- BWX
-- GZL
-- MIA
-- DLC
042 ## - AUTHENTICATION CODE
Authentication code ukblsr
-- lccopycat
050 00 - LIBRARY OF CONGRESS CALL NUMBER
Classification number K1401
Item number .T43 2008
082 04 - DEWEY DECIMAL CLASSIFICATION NUMBER
Classification number 346.048 TEA
Edition number 22
245 00 - TITLE STATEMENT
Title Teaching of intellectual property :
Remainder of title principles and methods /
Statement of responsibility, etc edited by Yo Takagi, Larry Allman, Mpazi A. Sinjela.
260 ## - PUBLICATION, DISTRIBUTION, ETC. (IMPRINT)
Place of publication, distribution, etc Cambridge :
Name of publisher, distributor, etc Cambridge University Press,
Date of publication, distribution, etc 2008.
300 ## - PHYSICAL DESCRIPTION
Extent xvii, 333 p. :
Other physical details ill. ;
Dimensions 23 cm.
504 ## - BIBLIOGRAPHY, ETC. NOTE
Bibliography, etc Includes bibliographical references and index.
650 #0 - SUBJECT ADDED ENTRY--TOPICAL TERM
Topical term or geographic name as entry element Intellectual property.
9 (RLIN) 688
650 #0 - SUBJECT ADDED ENTRY--TOPICAL TERM
Topical term or geographic name as entry element Intellectual property
General subdivision Study and teaching.
9 (RLIN) 1385
700 1# - ADDED ENTRY--PERSONAL NAME
Personal name Takagi, Yo.
9 (RLIN) 1386
700 1# - ADDED ENTRY--PERSONAL NAME
Personal name Allman, Larry.
9 (RLIN) 1387
700 1# - ADDED ENTRY--PERSONAL NAME
Personal name Sinjela, Mpazi.
9 (RLIN) 1388
710 2# - ADDED ENTRY--CORPORATE NAME
Corporate name or jurisdiction name as entry element World Intellectual Property Organization.
9 (RLIN) 1326
906 ## - LOCAL DATA ELEMENT F, LDF (RLIN)
a 7
b cbc
c copycat
d 2
e ncip
f 20
g y-gencatlg
942 ## - ADDED ENTRY ELEMENTS (KOHA)
Source of classification or shelving scheme Dewey Decimal Classification
Koha item type Books
Holdings
Withdrawn status Lost status Source of classification or shelving scheme Damaged status Not for loan Home library Current library Shelving location Date acquired Total Checkouts Full call number Barcode Date last seen Price effective from Koha item type
    Dewey Decimal Classification     Law Development Centre Main Library Law Development Centre Main Library Text Books and Laws 04/21/2011   346.048 TEA 09/30 04/21/2011 04/21/2011 Books